00482nam a2200169Ia 4500003000400000005001700004008004100021040001000062082001400072100002100086245003400107260002000141600002000161942001200181952010200193999001700295OSt20260518155012.0241002s9999 xx 000 0 und d cAACR2 a370.1 KNI aKnight, Edgar W. 0aTwenty Centuries of Education aNew York:c1940 aSocial Sciences cUC2ddc 00102ddc4070aUITUbUITUd1994-01-01l0o370.1 KNIpUC203r2024-10-02 09:31:12w2024-10-02yUC c18530d18530